| 000 | 00772cam a22002171 4500 | ||
|---|---|---|---|
| 001 | 759206 | ||
| 005 | 20030110090158.0 | ||
| 008 | 700928s1968 njua b 000 0 eng | ||
| 010 | _a 68019035 | ||
| 040 |
_aDLC _cDLC _dDLC |
||
| 050 | 0 | 0 |
_aTK2931 _b.B45 |
| 082 | 0 | 0 |
_a621.359 _222 _bFUE |
| 100 | 1 |
_aBerger, Carl, _dAug. 12, 1925- _ecomp. _96323 |
|
| 245 | 1 | 0 |
_aHandbook of fuel cell technology/ _cEditor Carl Berger |
| 260 |
_aEnglewood Cliffs, N.J.: _bPrentice-Hall, _c1968 |
||
| 300 |
_axv, 607 p. _billus. _c24 cm. |
||
| 504 | _aIncludes bibliographical references. | ||
| 650 | 0 |
_aFuel cells. _96324 |
|
| 942 |
_2ddc _cBB |
||
| 999 |
_c11870 _d11870 |
||